| 000 | 00419nam a22001577a 4500 | ||
|---|---|---|---|
| 005 | 20161205103631.0 | ||
| 008 | 161205b xxu||||| |||| 00| 0 eng d | ||
| 040 | _cPK-LaUMT | ||
| 082 |
_aMMC 958.1 _bMAN-R |
||
| 100 | _aManzar, A. M. | ||
| 245 |
_aRed clouds over Afghanistan / _cA. M. Manzar |
||
| 260 |
_aIslamabad : _bInstitute of Policy Studies, _c1980 |
||
| 300 | _a105 p. | ||
| 650 | _aAfghanistan | ||
| 942 | _cBK | ||
| 999 |
_c89065 _d89065 |
||